000 00360nam a22001337a 4500
003 SGT
020 _a9789386643643
082 _a070
_bA19T
100 _aतिवारी, प्रवीण
245 _aआतंक से समझौता
260 _c ब्लूम्सबरी पब्लिशिंग
300 _a2019
942 _2ddc
_cBK
999 _c31959
_d31959